000 00888nam a22002897a 4500
999 _c172936
_d172936
005 20200224141122.0
010 _aENG-127754
020 _c150.00
_a9788181804396
035 _aEN-111286
037 _bDBAD/PUB
082 _a540
100 _aB.Sireesha
245 _aB.Sc.Second Year Sem III Chemistry/
_cby B.Sireesha...[etall.]; edited by M.Adinarayana , Deva Das Manwal [and] Deva Das Manwal
260 _aHyderabad
_c2017
_bTelugu Akademi
270 _aTelugu Akademi Himayatnagar Hyderabad
_e500029
_bHyderabad
_minfo@teluguacademy.net
300 _a378p.
_b24cm(pbk)
700 _aReddy,G.Thirupati
700 _aB.Ramesh
700 _aGoud,G.Satyanarayana
700 _aV.Srinivas
700 _aK.Venkata Krishna
700 _aN.Yogibabu
700 _aM.Adinarayana
700 _aManwal,Deva Das
700 _aRao,Venkateswara
942 _2ddc
_cEN
_hSIR
_k540